000 00321nam a2200133Ia 4500
008 220216s9999 xx 000 0 und d
100 _aDamodaran T K
245 0 _aRubber thadi vyavasayam indiayil
260 _bRubber (Malayalam)
_c2009
300 _a8-Jun
700 _aArunraj K N
700 _aBabu S.
942 _cJS
999 _c68038
_d68038